| 000 | 01250nam a22003014a 4500 | ||
|---|---|---|---|
| 001 | ebr10084801 | ||
| 003 | CaPaEBR | ||
| 006 | m u | ||
| 007 | cr cn||||||||| | ||
| 008 | 021105s2004 enka sb 001 0 eng | ||
| 020 | _z0195138961 (cloth : alk. paper) | ||
| 040 |
_aCaPaEBR _cCaPaEBR |
||
| 035 | _a(OCoLC)57137216 | ||
| 050 | 1 | 4 |
_aQH438.5 _b.P48 2004eb |
| 082 | 0 | 4 |
_a576.5/3 _221 |
| 245 | 0 | 0 |
_aPhenotypic plasticity _h[electronic resource] : _bfunctional and conceptual approaches / _cedited by Thomas J. DeWitt, Samuel M. Scheiner. |
| 260 |
_aOxford ; _aNew York : _bOxford University Press, _c2004. |
||
| 300 |
_axii, 247 p. : _bill. |
||
| 504 | _aIncludes bibliographical references (p. 207-244) and index. | ||
| 533 |
_aElectronic reproduction. _bPalo Alto, Calif. : _cebrary, _d2013. _nAvailable via World Wide Web. _nAccess may be limited to ebrary affiliated libraries. |
||
| 650 | 0 | _aGenotype-environment interaction. | |
| 650 | 0 | _aPhenotype. | |
| 655 | 7 |
_aElectronic books. _2local |
|
| 700 | 1 | _aDeWitt, Thomas J. | |
| 700 | 1 |
_aScheiner, Samuel M., _d1956- |
|
| 710 | 2 | _aebrary, Inc. | |
| 856 | 4 | 0 |
_uhttp://site.ebrary.com/lib/rucke/Doc?id=10084801 _zAn electronic book accessible through the World Wide Web; click to view |
| 999 |
_c50074 _d50074 |
||